| 000 | 00347nam a2200145Ia 4500 | ||
|---|---|---|---|
| 005 | 20251222141902.0 | ||
| 008 | 251222s9999||||xx |||||||||||||| ||spa|| | ||
| 020 | _a950072460X | ||
| 082 | _a649.1/B24 | ||
| 100 | _aBarylko, Jaime | ||
| 245 | 0 | _aCómo criar hijos más o menos felices | |
| 250 | _a1ra.ed. | ||
| 264 | _bSudamericana | ||
| 942 | _cLIB | ||
| 999 |
_c8081 _d8081 |
||